000 01933nam0a2200409 4500
001 RU\NLR\bibl\733147
005 20250614000451.0
010 _a5-9536-0022-4
_9500
021 _aRU
_b2004-45075
035 _aRSL-KNO-002456036
035 _a(NLR Aleph) 000723092
090 _a715381
_c715381
100 _a20040728d2004 |||y0rusy50 ca
101 0 _arus
102 _aRU
105 _aa |||||||||
106 _ar
200 1 _aУправление поведением потребителей на товарных рынках
_e[потребители, предпочтения, товар]
_fА.В. Крахмалева, Х.А. Фасхиев
210 _aНабережные Челны
_cИзд-во Кам. политехн. ин-та
_d2004
_eИПЦ ун-та
215 _a163 с.
_cил.
_d21
320 _aБиблиогр.: с. 150-157 (120 назв.)
606 0 _aПотребители
_xПоведение
_92131399
_3RU\NLR\auth\661285809
606 0 _aПотребительский спрос
_xИзучение
_9889210
_3RU\NLR\auth\66994
610 0 _aПсихология -- Социальная психология -- Социально-психологические проблемы психологии обслуживания и торговли
610 0 _aСоциология - Социальные институты -- Социология вопросов образа жизни, быта и потребления
686 _aЮ959.91,0
_2rubbk
686 _aС556.471,0
_2rubbk
686 _aУ42(2)1-361.4
700 1 _aКрахмалева
_bА. В.
_gАнна Владимировна
_4070
701 1 _aФасхиев
_bХ. А.
_gХакимзян Амирович
_4070
801 0 _aRU
_bRuMoRKP
_c20040728
_grcr
801 1 _aRU
_bRuMoRGB
_c20040728
801 2 _aRU
_bNLR
_c20050310
_gPSBO
830 _aавт. по кн.
942 _cBOOK
980 _aNB